| 000 | 005130000a22001690004500 | ||
|---|---|---|---|
| 090 |
_aAR _b03899 |
||
| 245 | 1 | 0 | _aDeterioro de ecosistemas y necesidades de investigación |
| 650 | 1 | 4 |
_aRestauración ecológica _992279 |
| 650 | 1 | 4 |
_aManejo de ecosistemas _992251 |
| 650 | 1 | 4 |
_aAgendas de investigación _997652 |
| 650 | 1 | 4 |
_aServicios ambientales _994060 |
| 651 | 4 |
_pColombia _992749 |
|
| 041 | 0 | _aEspañol | |
| 100 | 1 |
_aSalamanca Solarte, Bibiana _997727 |
|
| 942 | _cARTICULO | ||
| 773 | 1 |
_tPreprint _q1-11 _d[1995?] |
|
| 999 |
_c12934 _d12934 |
||